| 000 | 00658nam a22002057a 4500 | ||
|---|---|---|---|
| 005 | 20140731111641.0 | ||
| 010 | _aENG-110061 | ||
| 020 |
_a9789380607603 _c995.00 |
||
| 035 | _aEN-93594 | ||
| 037 | _bDBAD/PUB | ||
| 082 | _a954.2 | ||
| 100 | _aBhargava, Meena | ||
| 245 |
_aState,society and ecology : _cby Meena Bhargava _bGorakhpur in transition, 1750-1830 / |
||
| 260 |
_aDelhi _bPrimus Books _c2014 |
||
| 270 |
_aVirat Bhavan, Mukherjee Nagar Commercial Complex _bDelhi _e110009 |
||
| 300 |
_axxv,223p. : _bmaps _c24cm(Hb) |
||
| 500 | _aIncludes bibliographical references and index | ||
| 700 | _a | ||
| 942 |
_2ddc _cEN _mBHA _h954.2 |
||
| 999 |
_c84462 _d84462 |
||